000 00291nam a22001217a 4500
999 _c5052
_d5052
008 250516b ||||| |||| 00| 0 eng d
020 _a9781628320435
082 _a599.884 RIG
100 _aRIGGS,KATE
_eAUTHOR
245 _aGORILLAS
260 _aMINNESOTA
_bCREATIVE PAPERBACKS
942 _2ddc